Missing Word: The Long and the Short of It Quiz Stats

Quiz Updated Jul 25, 2016

Challenge
Share
Tweet
Embed
Score 0/20 Timer 03:00
0 Plays Today
Novel Word % Correct
____ of Pi
Martel
Life
98.7%
The Grapes of _____
Steinbeck
Wrath
97.8%
____ Times
Dickens
Hard
97.7%
War and _____
Tolstoy
Peace
96.1%
The Return of the _____
Tolkien
King
95.5%
The ___ Also Rises
Hemingway
Sun
95.5%
The ______ Games
Collins
Hunger
93.8%
Watership ____
Adams
Down
90.7%
Ender's ____
Card
Game
89.1%
This ____ of Paradise
Fitzgerald
Side
87.6%
Novel Word % Correct
The ______ Garden
Burnett
Secret
85.7%
The _____ is a Lonely Hunter
McCullers
Heart
84.4%
The ____ Earth
Buck
Good
83.8%
Humboldt's ____
Bellow
Gift
69.8%
Black _____
Sewell
Beauty
67.3%
The Naked and the ____
Mailer
Dead
65.1%
The Portrait of a ____
James
Lady
57.4%
The ___ and the Black
Stendhal
Red
52.5%
___ Jones
Fielding
Tom
50%
The Painted ____
Maugham
Veil
25.9%

Today's Daily Dose

Missing Word
For Dummies Books

Word Ladder
Ariana Grande

Quick Pick
1970s Authors

On This Day
June 21st II

You're not logged in!

Compare scores with friends on all Sporcle quizzes.
Join for Free
OR
Log In

You Might Also Like...

Show Comments

Extras

Top Quizzes Today


Score Distribution

Your Account Isn't Verified!

In order to create a playlist on Sporcle, you need to verify the email address you used during registration. Go to your Sporcle Settings to finish the process.

Report this User

Report this user for behavior that violates our Community Guidelines.

Details: